Sociología (Record no. 171498)
[ view plain ]
| 000 -LEADER | |
|---|---|
| fixed length control field | 00949nam a22002657a 4500 |
| 005 - DATE AND TIME OF LATEST TRANSACTION | |
| control field | 20250228153242.0 |
| 008 - FIXED-LENGTH DATA ELEMENTS--GENERAL INFORMATION | |
| fixed length control field | 250228b sp |||||||| |||| 00| 0 spa d |
| 020 ## - INTERNATIONAL STANDARD BOOK NUMBER | |
| International Standard Book Number | 8483221527 |
| 020 ## - INTERNATIONAL STANDARD BOOK NUMBER | |
| International Standard Book Number | 9788483221525 |
| 050 04 - LIBRARY OF CONGRESS CALL NUMBER | |
| Classification number | HM598 |
| Item number | M33 1999 |
| 100 1# - MAIN ENTRY--PERSONAL NAME | |
| Personal name | Macionis, John J. |
| 240 1# - UNIFORM TITLE | |
| Uniform title | Sociology, a global introduction |
| Language of a work | español |
| 245 10 - TITLE STATEMENT | |
| Title | Sociología |
| Statement of responsibility, etc | / John J. Macionis, Ken Plummer ; traducción Roberto Garvía, Celia Valiente, Santiago Pérez-Nievas ; colaboración Rosalía Mota. |
| 250 ## - EDITION STATEMENT | |
| Edition statement | 1a ed. |
| 260 ## - PUBLICATION, DISTRIBUTION, ETC. (IMPRINT) | |
| Place of publication, distribution, etc | Madrid, España : |
| Name of publisher, distributor, etc | Pearson, prentice hall, |
| Date of publication, distribution, etc | 1999 |
| 300 ## - PHYSICAL DESCRIPTION | |
| Extent | xvii, 704 p. : |
| Other physical details | il. ; |
| Dimensions | 26 cm. |
| 500 ## - GENERAL NOTE | |
| General note | Incluye glosario e índice |
| 504 ## - BIBLIOGRAPHY, ETC. NOTE | |
| Bibliography, etc | Bibliografía : p. 669 -695 |
| 650 #7 - SUBJECT ADDED ENTRY--TOPICAL TERM | |
| Source of heading or term | lemb |
| Topical term or geographic name as entry element | Sociología |
| 700 1# - ADDED ENTRY--PERSONAL NAME | |
| Personal name | Plummer, Ken, |
| Relator term | autor |
| 700 1# - ADDED ENTRY--PERSONAL NAME | |
| Personal name | Garvía, Roberto, |
| Relator term | traductor |
| 700 1# - ADDED ENTRY--PERSONAL NAME | |
| Personal name | Valiente, Celia, |
| Relator term | traductor |
| 700 1# - ADDED ENTRY--PERSONAL NAME | |
| Personal name | Mota, Rosalía, |
| Relator term | colaborador |
| 942 ## - ADDED ENTRY ELEMENTS (KOHA) | |
| Source of classification or shelving scheme | Biblioteca del Cogreso de los Estados Unidos |
| Koha item type | Libro |
| Estado de pérdida | Fuente de clasificación | Estado del daño | No para préstamo | Ubicación permanente | Ubicación actual | Apartado o colección | Fecha de adquisición | Edición | Área del conocimiento | Total Checkouts | Clasificación | Código de Barras | Date last seen | Número de copia | Costo por reposición | Tipo de recurso |
|---|---|---|---|---|---|---|---|---|---|---|---|---|---|---|---|---|
| Biblioteca del Cogreso de los Estados Unidos | Biblioteca de la Facultad de Ingeniería Civil | Biblioteca de la Facultad de Ingeniería Civil | General | 28/02/2025 | 1a ed. | Ciencias Sociales y Administrativas | HM598 M33 r2006 | BIC000002048 | 28/02/2025 | 1 | 1.00 | Libro |